Rozpočty miest a obcí v období prvej Československej republiky bakalárska práca

Saved in:
Bibliographic Details
Main Author: Brehovský, Mário
Corporate Author: Národohospodárska fakulta EU. Katedra financií
Other Authors: Baláži, Peter
Format: Book
Language:Slovak
Published: Bratislava 2018
Tags: Add Tag
No Tags, Be the first to tag this record!

MARC

LEADER 00000nbm a2200000 4500
001 0245937
005 20181213103025.9
041 0 |a slo 
044 |a SK 
245 1 0 |a Rozpočty miest a obcí v období prvej Československej republiky  |b bakalárska práca  |c Mário Brehovský ; školiteľ: Peter Baláži 
264 1 |a Bratislava  |c 2018 
300 |a 43 s. 
100 1 |a Brehovský, Mário 
700 1 |a Baláži, Peter 
710 2 |a Národohospodárska fakulta EU. Katedra financií